| 000 | 02002cam a2200169 4500500 | ||
|---|---|---|---|
| 005 | 20251228073718.0 | ||
| 041 | _afre | ||
| 042 | _adc | ||
| 100 | 1 | 0 |
_aSiebert, Gérard _eauthor |
| 245 | 0 | 0 | _aWünsche Raimund, Knauss Florian, Lockender Lorbeer, Sport und Spiel in der Antike, Munich, Staatliche Antikensammlungen und Glyptothek München, 2004, 1 vol. 24,5 × 30, 503 p., très nombr. fig. ds t. |
| 260 | _c2007. | ||
| 500 | _a93 | ||
| 520 | _aL’étude récente des collections lapidaires d’Autun, en Saône-et-Loire, a permis de mettre en évidence un ensemble de fragments de vasques à deux pieds en dalle rectangulaire. Ces vasques correspondent à un modèle qui reste jusqu’à présent méconnu en Gaule, alors qu’il est connu en Grèce et dans le monde romain, mais sans avoir encore bénéficié d’une étude exhaustive. Retrouvé en contexte public (thermes) ou privé ( domus, villa), ce type de mobilier, souvent taillé dans des matériaux luxueux, répondait à des principes de positionnement et de fonctionnement encore observables dans les exemplaires, remarquablement conservés, des demeures pompéiennes. | ||
| 520 | _aRectangular slab basins in the Autun collections (Saône-et-Loire). An unrecognised type of stone furniture. Recent study of the stone collections of Autun, in Saône-et-Loire, yields fragmentary evidence for two-footed stone basins standing on rectangular slab. These basins correspond to a model so far unknown in Gaul, but known in the Greek and Roman worlds. It has never been carefully studied. This type of furniture, found in public contexts (baths) or private (house or villa), and often worked in precious materials, corresponds with the principles of placing and function still to be observed in well preserved examples in Pompeian houses. | ||
| 786 | 0 | _nRevue archéologique | 44 | 2 | 2007-12-01 | p. 319p-438p | 0035-0737 | |
| 856 | 4 | 1 | _uhttps://shs.cairn.info/revue-archeologique-2007-2-page-319p?lang=fr&redirect-ssocas=7080 |
| 999 |
_c1595818 _d1595818 |
||